[Event "Verona op-B"]
[Site "Verona"]
[Date "2017.01.03"]
[Round "2.7"]
[White "De Paoli, Emilio"]
[Black "Kurylovich, Alena"]
[Result "1/2-1/2"]
[WhiteElo "1765"]
[BlackElo "1644"]
[PlyCount "132"]
[EventDate "2017.01.02"]
[EventType "swiss"]
[EventRounds "7"]
[EventCountry "ITA"]
[SourceTitle "EXT 2018"]
[Source "ChessBase"]
[SourceDate "2017.10.13"]
[SourceVersion "1"]
[SourceVersionDate "2017.10.13"]
[SourceQuality "1"]

1. e4 c5 2. Nf3 e6 3. d4 cxd4 4. Nxd4 a6 5. Bd3 Nf6 6. 0-0 d6 7. Nc3 Be7 8. Qe2 Nbd7 9. Nb3 0-0 10. f4 Qc7 11. Be3 b5 12. a4 b4 13. Na2 Nc5 14. Nxc5 dxc5 15. c3 Bb7 16. cxb4 cxb4 17. Rfc1 Qa5 18. Bd2 Rac8 19. e5 Nd7 20. Bxh7+ Kxh7 21. Qd3+ Kg8 22. Qxd7 Bc5+ 23. Kh1 Bc6 24. Bxb4 Bxb4 25. Rxc6 Rcd8 26. Qb7 Qxa4 27. Rcc1 Bd2 28. Rf1 Qd4 29. Nc3 Rb8 30. Qxa6 Rxb2 31. Ne2 Qe4 32. Ng3 Qc2 33. Qe2 Rfb8 34. Rad1 Ba5 35. Qxc2 Rxc2 36. f5 Rbb2 37. Rg1 Bb6 38. fxe6 fxe6 39. h3 Bxg1 40. Rxg1 Kf7 41. Kh2 Kg6 42. h4 Rb5 43. Re1 Rcc5 44. h5+ Kh6 45. Kh3 Rxe5 46. Rf1 Re3 47. Rf4 Rxh5+ 48. Rh4 Rxh4+ 49. Kxh4 g5+ 50. Kg4 Kg6 51. Nf1 Rd3 52. Nh2 e5 53. Nf3 Rxf3 54. Kxf3 Kf6 55. g3 Kf5 56. g4+ Kf6 57. Ke3 Ke6 58. Ke4 Kd6 59. Kf5 Kd5 60. Kxg5 Ke4 61. Kh6 Kf4 62. g5 e4 63. g6 e3 64. g7 e2 65. g8Q e1Q 66. Qg5+ Kf3 1/2-1/2

[Event "Basso Veronese op 7th"]
[Site "Casaleone"]
[Date "2014.05.18"]
[Round "4"]
[White "De Paoli, Emilio"]
[Black "Jirillo, Antonio"]
[Result "1-0"]
[WhiteElo "1780"]
[BlackElo "1591"]
[PlyCount "127"]
[EventDate "2014.05.16"]
[EventType "swiss"]
[EventRounds "5"]
[EventCountry "ITA"]
[SourceTitle "EXT 2015"]
[Source "ChessBase"]
[SourceDate "2014.11.20"]
[SourceVersion "1"]
[SourceVersionDate "2014.11.20"]
[SourceQuality "1"]

1. Nf3 g6 2. e4 Bg7 3. d4 d6 4. Bc4 Nf6 5. Nc3 0-0 6. 0-0 Nbd7 7. a4 c6 8. h3 a5 9. e5 dxe5 10. dxe5 Nd5 11. Nxd5 cxd5 12. Bxd5 e6 13. Bg5 Qc7 14. Bb3 Nxe5 15. Re1 Nxf3+ 16. Qxf3 Bxb2 17. Rad1 Bg7 18. h4 h5 19. Rd3 Ra6 20. Red1 e5 21. Qe3 Bf5 22. Bd8 Qc8 23. Rc3 Rc6 24. Rxc6 Qxc6 25. Bxa5 Bf6 26. Bb4 Rc8 27. Rd6 Qe8 28. Rxf6 Rc7 29. Rxf5 gxf5 30. Qg5+ Kh7 31. Qxf5+ Kg7 32. Qg5+ Kh7 33. Qxh5+ Kg7 34. Bd6 Rc6 35. Bxe5+ Kf8 36. Qh8+ Ke7 37. Qxe8+ Kxe8 38. a5 Ke7 39. Bd4 Kf8 40. g3 Ra6 41. Bb6 Ra8 42. Bd5 Rc8 43. c4 Kg7 44. Kg2 f6 45. Kf3 Kg6 46. c5 Rb8 47. g4 Kh6 48. Bc7 Rc8 49. Bf4+ Kg7 50. Be3 Rc7 51. Ke4 Re7+ 52. Kd4 Rd7 53. Kc4 Kg6 54. h5+ Kg7 55. Bd4 Re7 56. g5 Re1 57. Bxf6+ Kh7 58. Bxb7 Rc1+ 59. Kb5 Rb1+ 60. Ka6 Rf1 61. h6 Rxf2 62. Be4+ Kg8 63. h7+ Kf7 64. h8Q 1-0

[Event "Basso Veronese op 7th"]
[Site "Casaleone"]
[Date "2014.05.16"]
[Round "1"]
[White "Negro, Roberto"]
[Black "De Paoli, Emilio"]
[Result "1-0"]
[WhiteElo "2155"]
[BlackElo "1780"]
[PlyCount "89"]
[EventDate "2014.05.16"]
[EventType "swiss"]
[EventRounds "5"]
[EventCountry "ITA"]
[SourceTitle "EXT 2015"]
[Source "ChessBase"]
[SourceDate "2014.11.20"]
[SourceVersion "1"]
[SourceVersionDate "2014.11.20"]
[SourceQuality "1"]

1. c4 c5 2. Nf3 Nf6 3. d4 cxd4 4. Nxd4 e5 5. Nb5 d5 6. cxd5 Bc5 7. N5c3 Bxf2+ 8. Kxf2 Ng4+ 9. Ke1 Qf6 10. Ne4 Qg6 11. Nbc3 0-0 12. e3 Na6 13. h3 Nh6 14. Nf2 Bd7 15. Bxa6 bxa6 16. e4 f5 17. Bxh6 Qxh6 18. Qd2 Qh4 19. Kd1 Rad8 20. Kc2 fxe4 21. Nfxe4 Bf5 22. g4 Bg6 23. Rae1 Rc8 24. Kc1 Qd8 25. Kb1 Rc4 26. Ka1 Rd4 27. Qg5 Qe8 28. Nd6 Qb8 29. Nf5 Rf4 30. Ne7+ Kh8 31. Nxg6+ hxg6 32. Qxe5 Qb4 33. Qe7 Qb6 34. Qe6 Qb7 35. Rh2 R4f6 36. Qe3 Rf3 37. Qd2 Rb8 38. h4 Rg3 39. g5 Rd8 40. h5 gxh5 41. Rxh5+ Kg8 42. Qh2 Rxc3 43. Rh8+ Kf7 44. Qh5+ g6 45. Qh7# 1-0

[Event "Verona Province-ch"]
[Site "Zevio Verona"]
[Date "2014.01.25"]
[Round "4"]
[White "Menini, Luca"]
[Black "De Paoli, Emilio"]
[Result "1-0"]
[WhiteElo "1689"]
[BlackElo "1816"]
[PlyCount "89"]
[EventDate "2014.01.18"]
[EventType "swiss"]
[EventRounds "6"]
[EventCountry "ITA"]
[SourceTitle "EXT 2015"]
[Source "ChessBase"]
[SourceDate "2014.11.20"]
[SourceVersion "1"]
[SourceVersionDate "2014.11.20"]
[SourceQuality "1"]

1. e4 e6 2. d4 c5 3. Nf3 cxd4 4. Nxd4 a6 5. Be3 Nf6 6. Nc3 Bb4 7. Bd3 d5 8. e5 Nfd7 9. f4 Nc5 10. 0-0 Nxd3 11. cxd3 0-0 12. Rc1 Nc6 13. Nxc6 bxc6 14. d4 a5 15. a3 Be7 16. Na4 Ba6 17. Rf2 Bb5 18. Nc5 Bxc5 19. Rxc5 a4 20. Bd2 f5 21. Bb4 Rf7 22. Qh5 Qe8 23. Rc3 Rb7 24. Qh4 Qg6 25. Rg3 Qf7 26. Rh3 g6 27. Qg5 Bc4 28. Rh6 Re8 29. h4 Rxb4 30. axb4 Qe7 31. h5 Qxg5 32. fxg5 Kg7 33. hxg6 hxg6 34. Rf3 Rh8 35. Rxh8 Kxh8 36. Kf2 Kg7 37. Ke3 Bb3 38. Kd2 Bc4 39. g3 Bb3 40. Rc3 Bc4 41. Rxc4 dxc4 42. Kc3 Kf7 43. Kxc4 Ke7 44. Kc5 Kd7 45. Kb6 1-0

[Event "Verona Province-ch"]
[Site "Zevio Verona"]
[Date "2014.01.19"]
[Round "3"]
[White "De Paoli, Emilio"]
[Black "Della Sala, Bruno"]
[Result "0-1"]
[WhiteElo "1816"]
[BlackElo "1959"]
[PlyCount "78"]
[EventDate "2014.01.18"]
[EventType "swiss"]
[EventRounds "6"]
[EventCountry "ITA"]
[SourceTitle "EXT 2015"]
[Source "ChessBase"]
[SourceDate "2014.11.20"]
[SourceVersion "1"]
[SourceVersionDate "2014.11.20"]
[SourceQuality "1"]

1. e4 e5 2. Nf3 Nc6 3. d4 exd4 4. Nxd4 Nf6 5. Nxc6 bxc6 6. Bg5 Bc5 7. Qf3 Bd4 8. c3 Be5 9. Nd2 h6 10. Bh4 d5 11. 0-0-0 Bg4 12. Qxg4 Nxg4 13. Bxd8 Rxd8 14. exd5 Nxf2 15. Re1 0-0 16. Rxe5 Nxh1 17. Bc4 cxd5 18. Bxd5 Nf2 19. Kc2 Ng4 20. Re4 Nf6 21. Bc6 Nxe4 22. Nxe4 f5 23. Nc5 Rd6 24. Ba4 Kh7 25. b4 g5 26. Kb3 Rd2 27. Bc6 g4 28. b5 f4 29. Be4+ Kh8 30. Ne6 Re8 31. Bf5 Rxe6 32. Bxe6 Rxg2 33. h3 h5 34. a4 f3 35. hxg4 hxg4 36. a5 f2 37. Bc4 Rg1 38. b6 cxb6 39. axb6 axb6 0-1

[Event "Crema op 15th"]
[Site "Crema"]
[Date "2013.08.30"]
[Round "2"]
[White "De Paoli, Emilio"]
[Black "Dragojlovic, Andjelko"]
[Result "0-1"]
[WhiteElo "1839"]
[BlackElo "2349"]
[PlyCount "78"]
[EventDate "2013.08.30"]
[EventType "swiss"]
[EventRounds "6"]
[EventCountry "ITA"]
[SourceTitle "EXT 2015"]
[Source "ChessBase"]
[SourceDate "2014.11.20"]
[SourceVersion "1"]
[SourceVersionDate "2014.11.20"]
[SourceQuality "1"]

1. e4 c5 2. Nf3 g6 3. c3 Bg7 4. d4 cxd4 5. cxd4 d5 6. exd5 Nf6 7. Bb5+ Nbd7 8. Nc3 0-0 9. 0-0 Nb6 10. Qb3 a6 11. Bd3 Nbxd5 12. Nxd5 Qxd5 13. Qxd5 Nxd5 14. Bc4 Rd8 15. Bg5 h6 16. Bxd5 hxg5 17. Bb3 Bf6 18. Ne5 Rxd4 19. Nxf7 e6 20. Nh6+ Kg7 21. Rad1 Kxh6 22. Rxd4 Bxd4 23. Rd1 e5 24. Bd5 Bg4 25. Rd3 Rd8 26. Be4 Bf5 27. Bxf5 gxf5 28. Rh3+ Kg6 29. Rb3 b5 30. g3 Rc8 31. h4 Rc2 32. hxg5 Rxf2 33. Kh1 Kxg5 34. Ra3 Kg4 35. Rxa6 Kxg3 36. Rg6+ Kf4 37. b4 e4 38. Rd6 Be3 39. Rd1 Kg3 0-1

[Event "Crema op 15th"]
[Site "Crema"]
[Date "2013.08.30"]
[Round "1"]
[White "Madaschi, Sergio"]
[Black "De Paoli, Emilio"]
[Result "0-1"]
[WhiteElo "1493"]
[BlackElo "1839"]
[PlyCount "62"]
[EventDate "2013.08.30"]
[EventType "swiss"]
[EventRounds "6"]
[EventCountry "ITA"]
[SourceTitle "EXT 2015"]
[Source "ChessBase"]
[SourceDate "2014.11.20"]
[SourceVersion "1"]
[SourceVersionDate "2014.11.20"]
[SourceQuality "1"]

1. e4 c5 2. Nf3 d6 3. d4 cxd4 4. Nxd4 Nf6 5. Nc3 a6 6. Bg5 Nbd7 7. f4 b5 8. a3 Bb7 9. Bxf6 gxf6 10. Be2 Rg8 11. Bf3 Bh6 12. g3 e6 13. Qe2 Rc8 14. 0-0-0 Rxc3 15. bxc3 f5 16. exf5 Bxf3 17. Nxf3 Qa5 18. fxe6 Ne5 19. exf7+ Kxf7 20. Nxe5+ dxe5 21. Rd7+ Ke6 22. Rhd1 Qxc3 23. Kb1 Bf8 24. R1d3 Qc5 25. Rxh7 Bd6 26. fxe5 Bxe5 27. Re3 Rg5 28. Rh6+ Ke7 29. Rxa6 Rf5 30. Ka2 Qd5+ 31. Rb3 Qd4 0-1

[Event "Basso Veronese op 6th"]
[Site "Casaleone"]
[Date "2013.05.17"]
[Round "1"]
[White "De Paoli, Emilio"]
[Black "Kurylovich, Alena"]
[Result "1-0"]
[WhiteElo "1849"]
[BlackElo "1629"]
[PlyCount "121"]
[EventDate "2013.05.17"]
[EventType "swiss"]
[EventRounds "5"]
[EventCountry "ITA"]
[SourceTitle "EXT 2014"]
[Source "ChessBase"]
[SourceDate "2013.11.20"]
[SourceVersion "1"]
[SourceVersionDate "2013.11.20"]
[SourceQuality "1"]

1. e4 c5 2. Nf3 e6 3. d4 cxd4 4. Nxd4 a6 5. c4 Qc7 6. Bd3 Nc6 7. Nxc6 dxc6 8. 0-0 Nf6 9. Be3 g6 10. f4 Bg7 11. e5 Nd7 12. Nd2 0-0 13. Rc1 b6 14. Ne4 f6 15. exf6 Nxf6 16. Ng5 Bd7 17. Bd4 Nh5 18. Bxg7 Nxg7 19. Qc2 Rf6 20. c5 Raf8 21. g3 Nf5 22. Qf2 bxc5 23. Qxc5 Rb8 24. Rf2 Qb6 25. Bxf5 Qxc5 26. Rxc5 exf5 27. Rd2 Be8 28. b3 h6 29. Nf3 Kf8 30. Re5 Kf7 31. Rde2 Kf8 32. Nd4 Bd7 33. Ne6+ Bxe6 34. Rxe6 Kf7 35. Re7+ Kf8 36. R2e6 Rxe6 37. Rxe6 Kf7 38. Rxc6 Ra8 39. b4 a5 40. b5 a4 41. b6 Rb8 42. a3 Kg7 43. Kf2 g5 44. Rc7+ Kg6 45. b7 gxf4 46. gxf4 h5 47. Rc6+ Kf7 48. Rb6 Ke7 49. Rh6 h4 50. Rxh4 Kd6 51. Rh7 Kc6 52. h4 Kd5 53. Kf3 Kd4 54. Rd7+ Kc3 55. h5 Kb3 56. h6 Kxa3 57. h7 Kb2 58. Rg7 a3 59. Rg8 Rxb7 60. h8Q+ Kb3 61. Ra8 1-0

[Event "Verona Province-ch"]
[Site "Zevio Verona"]
[Date "2013.01.20"]
[Round "5"]
[White "Fratton, Zeno"]
[Black "De Paoli, Emilio"]
[Result "0-1"]
[WhiteElo "1819"]
[BlackElo "1863"]
[PlyCount "98"]
[EventDate "2013.01.12"]
[EventType "swiss"]
[EventRounds "6"]
[EventCountry "ITA"]
[SourceTitle "EXT 2024"]
[Source "ChessBase"]
[SourceDate "2023.10.10"]
[SourceVersion "1"]
[SourceVersionDate "2023.10.10"]
[SourceQuality "1"]

1. e4 e6 2. d4 d5 3. Nc3 Nf6 4. e5 Nfd7 5. f4 c5 6. Nf3 Nc6 7. Be3 Be7 8. Qd2 0-0 9. 0-0-0 a6 10. g4 b5 11. dxc5 Bxc5 12. f5 Bxe3 13. Qxe3 Qb6 14. Qg5 f6 15. exf6 Nxf6 16. fxe6 Bxe6 17. Bg2 Rad8 18. Rhe1 Ne4 19. Nxe4 dxe4 20. Rxd8 Rxd8 21. Rxe4 Bd5 22. Qe3 Qxe3+ 23. Rxe3 Rf8 24. b3 a5 25. h3 a4 26. Rd3 Nb4 27. Rd4 Nxa2+ 28. Kb2 Bxf3 29. Bxf3 Rxf3 30. Kxa2 axb3+ 31. cxb3 Rxh3 32. Rb4 Rh4 33. Rxb5 Rxg4 34. Rf5 g6 35. Rb5 h5 36. Ka3 h4 37. Rc5 h3 38. Rc2 Rg2 39. Rc3 h2 40. Rh3 g5 41. b4 g4 42. Rh4 Kf7 43. Ka4 g3 44. b5 Ra2+ 45. Kb3 Ra1 46. Kb2 h1Q 47. Rxh1 Rxh1 48. b6 g2 49. b7 Rh8 0-1

[Event "Verona Province-ch"]
[Site "Zevio Verona"]
[Date "2013.01.12"]
[Round "1"]
[White "Zonta, Riccardo"]
[Black "De Paoli, Emilio"]
[Result "1-0"]
[WhiteElo "1638"]
[BlackElo "1863"]
[PlyCount "107"]
[EventDate "2013.01.12"]
[EventType "swiss"]
[EventRounds "6"]
[EventCountry "ITA"]
[SourceTitle "EXT 2024"]
[Source "ChessBase"]
[SourceDate "2023.10.10"]
[SourceVersion "1"]
[SourceVersionDate "2023.10.10"]
[SourceQuality "1"]

1. e4 e6 2. d4 d5 3. exd5 Qxd5 4. Nf3 Qa5+ 5. c3 c5 6. Bd3 Nf6 7. 0-0 Be7 8. Nbd2 cxd4 9. Nb3 Qd5 10. cxd4 0-0 11. Re1 Nc6 12. Bd2 Nb4 13. Bb1 b6 14. a3 Nc6 15. Ba2 Qh5 16. Rc1 Bb7 17. Ne5 Nxe5 18. Qxh5 Nxh5 19. Rxe5 Nf6 20. Rc7 Ng4 21. Re1 Nxh2 22. Rxe7 Bd5 23. Kxh2 Rfc8 24. Rc1 Bxb3 25. Rxc8+ Rxc8 26. Bxb3 a6 27. Ra7 a5 28. Rb7 h6 29. Bc3 Rc6 30. d5 exd5 31. Bxd5 Rd6 32. Bxf7+ Kf8 33. Bb3 g5 34. Bf7 b5 35. Bh5 Rc6 36. g4 Rc4 37. Kg2 Re4 38. Bxa5 Re2 39. Bb4+ Kg8 40. Bf7+ Kg7 41. Bc4+ Kg6 42. Bxe2 h5 43. Bd3+ Kf6 44. Bc3+ Ke6 45. gxh5 b4 46. Bxb4 g4 47. h6 g3 48. h7 gxf2 49. Bc4+ Kf5 50. h8Q Ke4 51. Re7+ Kf5 52. Qf8+ Kg6 53. Rg7+ Kh6 54. Qh8# 1-0

[Event "Crema op 14th"]
[Site "Crema"]
[Date "2012.08.31"]
[Round "2"]
[White "De Paoli, Emilio"]
[Black "Fongarolli, Diego"]
[Result "0-1"]
[WhiteElo "1851"]
[BlackElo "2068"]
[PlyCount "84"]
[EventDate "2012.08.31"]
[EventType "swiss"]
[EventRounds "6"]
[EventCountry "ITA"]
[SourceTitle "EXT 2014"]
[Source "ChessBase"]
[SourceDate "2013.11.20"]
[SourceVersion "1"]
[SourceVersionDate "2013.11.20"]
[SourceQuality "1"]

1. c4 e5 2. Nf3 Nc6 3. d3 Nf6 4. Nc3 Bb4 5. a3 Bxc3+ 6. bxc3 d5 7. cxd5 Nxd5 8. c4 Nb6 9. a4 0-0 10. Bg5 f6 11. a5 fxg5 12. axb6 cxb6 13. g3 Qf6 14. h3 h5 15. Rh2 Nd4 16. Nd2 e4 17. Nxe4 Nc2+ 18. Kd2 Qxa1 19. Kxc2 Qa2+ 20. Kc1 Rf5 21. Qc2 Qa1+ 22. Qb1 Qa5 23. Kc2 Bd7 24. Nc3 b5 25. e4 Rf7 26. Qa2 Qb6 27. Be2 bxc4 28. dxc4 Be6 29. c5 Qc6 30. Bc4 Bxc4 31. Qxc4 Rc8 32. f3 Qxc5 33. Qb3 Kf8 34. Kb2 Rxf3 35. Rc2 Rxc3 36. Rxc3 Qxc3+ 37. Qxc3 Rxc3 38. Kxc3 Ke7 39. g4 hxg4 40. hxg4 Ke6 41. Kd4 a5 42. Kc4 Ke5 0-1

[Event "Condino op 12th"]
[Site "Condino"]
[Date "2012.07.28"]
[Round "7"]
[White "Girelli, Sergio"]
[Black "De Paoli, Emilio"]
[Result "1-0"]
[WhiteElo "1889"]
[BlackElo "1851"]
[PlyCount "57"]
[EventDate "2012.07.22"]
[EventType "swiss"]
[EventRounds "7"]
[EventCountry "ITA"]
[SourceTitle "CBM 149 Extra"]
[Source "ChessBase"]
[SourceDate "2012.08.24"]
[SourceVersion "1"]
[SourceVersionDate "2012.08.24"]
[SourceQuality "1"]

1. e4 e6 2. d4 c5 3. Nf3 d5 4. exd5 exd5 5. Bb5+ Bd7 6. Qe2+ Qe7 7. Qxe7+ Nxe7 8. Nc3 a6 9. Bxd7+ Nxd7 10. dxc5 Nxc5 11. 0-0 Rd8 12. Nd4 Ne6 13. Be3 Nc6 14. Nce2 Be7 15. Rad1 0-0 16. Rfe1 g6 17. Nxe6 fxe6 18. Nf4 Rf6 19. Nd3 Rf5 20. Bb6 Rc8 21. Rxe6 Kf7 22. Ree1 Bd6 23. c3 Re8 24. Rxe8 Kxe8 25. h3 Nb8 26. Bc5 Kd7 27. Bxd6 Kxd6 28. g4 Rg5 29. f4 1-0

[Event "Condino op 12th"]
[Site "Condino"]
[Date "2012.07.25"]
[Round "4"]
[White "De Paoli, Emilio"]
[Black "Achenbach, Manfred"]
[Result "1-0"]
[WhiteElo "1851"]
[BlackElo "2000"]
[PlyCount "77"]
[EventDate "2012.07.22"]
[EventType "swiss"]
[EventRounds "7"]
[EventCountry "ITA"]
[SourceTitle "CBM 149 Extra"]
[Source "ChessBase"]
[SourceDate "2012.08.24"]
[SourceVersion "1"]
[SourceVersionDate "2012.08.24"]
[SourceQuality "1"]

1. c4 c6 2. e4 d5 3. exd5 cxd5 4. cxd5 Nf6 5. Bb5+ Nbd7 6. Nc3 g6 7. Qe2 a6 8. Ba4 b5 9. Bc2 Nb6 10. a4 b4 11. a5 Nbxd5 12. Ba4+ Bd7 13. Nxd5 Nxd5 14. Qe5 Nf6 15. Nf3 Bg7 16. 0-0 0-0 17. Re1 Bxa4 18. Rxa4 Nd5 19. Qe4 Qd6 20. d4 Rab8 21. Qh4 Rb5 22. Bh6 Bxh6 23. Qxh6 Qf6 24. Ne5 Rd8 25. Raa1 Nf4 26. Rac1 Qf5 27. Nc6 Qg4 28. g3 Nh3+ 29. Kf1 Rh5 30. Qe3 Re8 31. Nxe7+ Rxe7 32. Qxe7 Rf5 33. Rc8+ Kg7 34. Qf8+ Kf6 35. Rc6+ Kg5 36. Qe7+ f6 37. Rxf6 Rxf6 38. Re5+ Kh6 39. Qxf6 1-0

[Event "Basso Veronese op 5th"]
[Site "Casaleone"]
[Date "2012.05.??"]
[Round "4"]
[White "Molina, Fabrizio"]
[Black "De Paoli, Emilio"]
[Result "1-0"]
[WhiteElo "2269"]
[BlackElo "1860"]
[PlyCount "55"]
[EventDate "2012.05.19"]
[EventType "swiss"]
[EventRounds "6"]
[EventCountry "ITA"]
[SourceTitle "EXT 2014"]
[Source "ChessBase"]
[SourceDate "2013.11.20"]
[SourceVersion "1"]
[SourceVersionDate "2013.11.20"]
[SourceQuality "1"]

1. d4 Nf6 2. c4 g6 3. f3 Bg7 4. e4 d6 5. Ne2 c5 6. Be3 cxd4 7. Nxd4 Nc6 8. Nc3 0-0 9. Be2 Nd7 10. Nd5 e6 11. Nc3 Nxd4 12. Bxd4 e5 13. Be3 Nc5 14. Qd2 f5 15. 0-0-0 Be6 16. Qxd6 fxe4 17. Bxc5 Bh6+ 18. Kb1 Qxd6 19. Rxd6 exf3 20. Rxe6 fxe2 21. Bxf8 Rxf8 22. Nxe2 Rf2 23. Rxe5 Rxg2 24. Rf1 Rxh2 25. Nd4 g5 26. Ne6 Bg7 27. Rxg5 Rxb2+ 28. Ka1 1-0

[Event "Basso Veronese  op-A 3rd"]
[Site "Verona"]
[Date "2010.06.06"]
[Round "6"]
[White "De Paoli, Emilio"]
[Black "Ricci, Alfredo"]
[Result "0-1"]
[WhiteElo "1874"]
[BlackElo "1980"]
[PlyCount "98"]
[EventDate "2010.05.29"]
[EventType "swiss"]
[EventRounds "6"]
[EventCountry "ITA"]
[SourceTitle "EXT 2011"]
[Source "ChessBase"]
[SourceDate "2010.11.26"]
[SourceVersion "1"]
[SourceVersionDate "2010.11.26"]
[SourceQuality "1"]

1. e4 c5 2. Nf3 Nc6 3. d4 cxd4 4. Nxd4 e5 5. Nb5 a6 6. Nd6+ Bxd6 7. Qxd6 Qf6 8. Qxf6 Nxf6 9. f3 d5 10. Bg5 dxe4 11. Bxf6 gxf6 12. fxe4 Be6 13. c3 h5 14. Nd2 h4 15. Bc4 Ke7 16. Bxe6 fxe6 17. 0-0-0 Rad8 18. Nb3 b6 19. Rd2 Rxd2 20. Nxd2 f5 21. Re1 Kf6 22. a4 Na5 23. Kc2 h3 24. g3 f4 25. gxf4 exf4 26. b4 Nb7 27. Nc4 b5 28. axb5 axb5 29. e5+ Kf5 30. Nd6+ Nxd6 31. exd6 e5 32. Rd1 Ke6 33. d7 Rd8 34. Rd3 Rxd7 35. Rxh3 Kf5 36. Kb3 Ke4 37. Rh4 Ke3 38. Rh5 Re7 39. c4 bxc4+ 40. Kxc4 f3 41. b5 f2 42. Rf5 Ke2 43. Kc5 e4 44. b6 e3 45. Kd6 Rh7 46. Kc6 f1Q 47. Rxf1 Kxf1 48. b7 Rxb7 49. Kxb7 e2 0-1

[Event "Basso Veronese  op-A 3rd"]
[Site "Verona"]
[Date "2010.06.06"]
[Round "5"]
[White "Negro, Raffaele"]
[Black "De Paoli, Emilio"]
[Result "1-0"]
[WhiteElo "1865"]
[BlackElo "1874"]
[PlyCount "84"]
[EventDate "2010.05.29"]
[EventType "swiss"]
[EventRounds "6"]
[EventCountry "ITA"]
[SourceTitle "EXT 2011"]
[Source "ChessBase"]
[SourceDate "2010.11.26"]
[SourceVersion "1"]
[SourceVersionDate "2010.11.26"]
[SourceQuality "1"]

1. d4 Nf6 2. Nf3 e6 3. e3 c5 4. Bd3 b6 5. c4 Be7 6. 0-0 Nc6 7. Nc3 Bb7 8. b3 d5 9. Bb2 Nb4 10. Be2 Rc8 11. a3 Nc6 12. cxd5 exd5 13. dxc5 Bxc5 14. b4 Bd6 15. Nb5 Bb8 16. Qb3 0-0 17. Rad1 a6 18. Nbd4 Ne5 19. Nxe5 Bxe5 20. Nf3 Bb8 21. Bd4 Re8 22. Qb2 Rc6 23. b5 Rce6 24. bxa6 Ba8 25. Rb1 Ng4 26. h3 Ne5 27. Bxe5 Rxe5 28. Nxe5 Rxe5 29. Qxb6 Bc7 30. Qc5 Rg5 31. f4 Rg6 32. Rfc1 Bb6 33. Rxb6 Rxb6 34. Qc8 Rb8 35. Qxd8+ Rxd8 36. a7 d4 37. Rb1 Kf8 38. Rb8 Ke7 39. Rxd8 Kxd8 40. Bf3 Kc7 41. Bxa8 Kb6 42. exd4 Kxa7 1-0

[Event "Basso Veronese  op-A 3rd"]
[Site "Verona"]
[Date "2010.05.30"]
[Round "2"]
[White "De Paoli, Emilio"]
[Black "Bortolazzi, Michele"]
[Result "0-1"]
[WhiteElo "1874"]
[BlackElo "1903"]
[PlyCount "100"]
[EventDate "2010.05.29"]
[EventType "swiss"]
[EventRounds "6"]
[EventCountry "ITA"]
[SourceTitle "EXT 2011"]
[Source "ChessBase"]
[SourceDate "2010.11.26"]
[SourceVersion "1"]
[SourceVersionDate "2010.11.26"]
[SourceQuality "1"]

1. e4 e5 2. Bc4 Nf6 3. Nf3 Nc6 4. Ng5 d5 5. exd5 Na5 6. Bb5+ c6 7. dxc6 bxc6 8. Be2 h6 9. Nf3 Bd6 10. d4 e4 11. Ne5 0-0 12. 0-0 Qc7 13. f4 c5 14. c3 cxd4 15. cxd4 Nd5 16. Na3 Bxa3 17. bxa3 Nc3 18. Qe1 f6 19. Ng6 Nxe2+ 20. Qxe2 Re8 21. Bd2 Nc4 22. Rac1 Ba6 23. Bb4 Rac8 24. Bc5 Qf7 25. f5 Rc6 26. Qd1 Rxc5 27. dxc5 Ne3 28. Qa4 Bxf1 29. Rxf1 Nxf1 30. Kxf1 e3 31. Qb3 e2+ 32. Ke1 a5 33. a4 Qxb3 34. axb3 Kf7 35. Nf4 Re5 36. Nd3 Rxf5 37. Kxe2 Ke7 38. Ke3 Rd5 39. g4 Rd8 40. h3 Rb8 41. Nc1 Ke6 42. Kd4 h5 43. gxh5 f5 44. Ke3 Rb4 45. Ne2 Rxb3+ 46. Kf4 Rb4+ 47. Kg5 Rxa4 48. Kg6 Re4 49. Ng3 Re1 50. h6 Rg1 0-1

[Event "Basso Veronese-B 2nd"]
[Site "Casaleone"]
[Date "2009.11.15"]
[Round "6"]
[White "Gioga, Michele"]
[Black "De Paoli, Emilio"]
[Result "0-1"]
[WhiteElo "1680"]
[BlackElo "1919"]
[PlyCount "86"]
[EventDate "2009.11.07"]
[EventType "swiss"]
[EventRounds "6"]
[EventCountry "ITA"]
[SourceTitle "EXT 2015"]
[Source "ChessBase"]
[SourceDate "2014.11.20"]
[SourceVersion "1"]
[SourceVersionDate "2014.11.20"]
[SourceQuality "1"]

1. e4 e6 2. d4 c5 3. Nf3 cxd4 4. Nxd4 a6 5. Nc3 Bc5 6. Be3 Qb6 7. Rb1 Nc6 8. Na4 Qa5+ 9. Nc3 Bb4 10. Qd2 Nf6 11. f3 0-0 12. Nb3 Bxc3 13. Qxc3 Qxc3+ 14. bxc3 d5 15. Bd3 dxe4 16. fxe4 Ne5 17. 0-0 Bd7 18. Nc5 Bc6 19. Bg5 Nfd7 20. Nxd7 Nxd7 21. Rf2 Ne5 22. Be7 Nxd3 23. cxd3 Rfe8 24. Bh4 b5 25. e5 Bd5 26. Rbf1 Ra7 27. Bg5 Rc8 28. Rc1 Rac7 29. Rfc2 a5 30. a3 Bb3 31. Rb2 Rxc3 32. Rxc3 Rxc3 33. Bd2 Rxd3 34. Bxa5 f6 35. exf6 gxf6 36. Rd2 Re3 37. Kf2 Re4 38. Bb4 Kf7 39. Re2 Rh4 40. Kg3 Rh6 41. h4 Bd5 42. Kh3 Rg6 43. g4 Bf3 0-1

[Event "Basso Veronese-B 2nd"]
[Site "Casaleone"]
[Date "2009.11.08"]
[Round "2"]
[White "De Paoli, Emilio"]
[Black "Zanchetta, Nicola"]
[Result "0-1"]
[WhiteElo "1919"]
[BlackElo "1807"]
[PlyCount "106"]
[EventDate "2009.11.07"]
[EventType "swiss"]
[EventRounds "6"]
[EventCountry "ITA"]
[SourceTitle "EXT 2015"]
[Source "ChessBase"]
[SourceDate "2014.11.20"]
[SourceVersion "1"]
[SourceVersionDate "2014.11.20"]
[SourceQuality "1"]

1. d4 d5 2. c4 e6 3. Nc3 Nf6 4. Nf3 c6 5. Bg5 Nbd7 6. c5 Be7 7. h3 Ne4 8. Bxe7 Qxe7 9. Nxe4 dxe4 10. Nd2 e3 11. Nf3 exf2+ 12. Kxf2 e5 13. e4 exd4 14. Qxd4 Qxc5 15. Bc4 Qxd4+ 16. Nxd4 Ne5 17. Be2 0-0 18. Rhd1 f5 19. exf5 Bxf5 20. Nxf5 Rxf5+ 21. Kg1 Raf8 22. Rf1 Rxf1+ 23. Rxf1 Rxf1+ 24. Kxf1 Kf7 25. Kf2 Ke6 26. Ke3 Nf7 27. Bc4+ Kf6 28. b4 Nd6 29. Bd3 h6 30. Kd4 Ke6 31. a4 b6 32. g4 g5 33. Be2 Nc8 34. a5 Ne7 35. a6 Kd6 36. Bf3 Ke6 37. Be2 Nd5 38. b5 c5+ 39. Kc4 Ke5 40. Kb3 Kd4 41. Bc4 Ne3 42. Be2 c4+ 43. Kb2 Kc5 44. Kc3 Nd5+ 45. Kd2 Kxb5 46. Bf3 Kc5 47. Bg2 b5 48. Be4 Kd4 49. Bf5 b4 50. Bd7 b3 51. Bf5 c3+ 52. Kc1 Nf4 53. Bd7 Nd3+ 0-1

[Event "Basso Veronese-B 2nd"]
[Site "Casaleone"]
[Date "2009.11.07"]
[Round "1"]
[White "Cavalleri, Giuseppe"]
[Black "De Paoli, Emilio"]
[Result "1/2-1/2"]
[WhiteElo "1685"]
[BlackElo "1919"]
[PlyCount "86"]
[EventDate "2009.11.07"]
[EventType "swiss"]
[EventRounds "6"]
[EventCountry "ITA"]
[SourceTitle "EXT 2015"]
[Source "ChessBase"]
[SourceDate "2014.11.20"]
[SourceVersion "1"]
[SourceVersionDate "2014.11.20"]
[SourceQuality "1"]

1. d4 Nf6 2. c4 g6 3. Nc3 d5 4. Nf3 Bg7 5. Bf4 Na6 6. e3 0-0 7. h3 b6 8. Be2 Bf5 9. 0-0 c5 10. cxd5 cxd4 11. exd4 Nb4 12. d6 exd6 13. a3 Nbd5 14. Bh2 Nxc3 15. bxc3 Rc8 16. Rc1 Bh6 17. Qa4 Bxc1 18. Rxc1 Ne4 19. c4 Qd7 20. Qb4 b5 21. g4 Be6 22. Qb1 f5 23. d5 fxg4 24. dxe6 Qxe6 25. Nd4 Qf6 26. Qxe4 Qxf2+ 27. Kh1 g3 28. Bg1 Qf6 29. Nxb5 Rce8 30. Qd5+ Rf7 31. Nxd6 g2+ 32. Kxg2 Rxe2+ 33. Kh1 Qf3+ 34. Qxf3 Rxf3 35. Bxa7 Rxa3 36. Nb5 Rxh3+ 37. Kg1 h5 38. c5 Reh2 39. Rc3 Rxc3 40. Kxh2 Rb3 41. Nd4 Rc3 42. c6 Kf7 43. Bb8 Ke7 1/2-1/2